Microsoft office 2010 : (Record no. 20266)
[ view plain ]
| 000 -LEADER | |
|---|---|
| fixed length control field | 01137nam a22001697a 4500 |
| 008 - FIXED-LENGTH DATA ELEMENTS--GENERAL INFORMATION | |
| fixed length control field | 230823b |||||||| |||| 00| 0 eng d |
| 020 ## - INTERNATIONAL STANDARD BOOK NUMBER | |
| International Standard Book Number | 978-1439078389 |
| 050 ## - LIBRARY OF CONGRESS CALL NUMBER | |
| Classification number | QA76.76 |
| Item number | .S54 2011 |
| 100 ## - MAIN ENTRY--PERSONAL NAME | |
| Personal name | Shelly, Gary B. |
| 245 ## - TITLE STATEMENT | |
| Title | Microsoft office 2010 : |
| Remainder of title | Introductory |
| Statement of responsibility, etc. | Gary B. Shelly and Misty E. Vermaat |
| 260 ## - PUBLICATION, DISTRIBUTION, ETC. (IMPRINT) | |
| Place of publication, distribution, etc. | Australia |
| Name of publisher, distributor, etc. | Cengage learning |
| Date of publication, distribution, etc. | 2011 |
| 300 ## - PHYSICAL DESCRIPTION | |
| Extent | xvii, 223p. |
| Other physical details | includes reference, index |
| 440 ## - SERIES STATEMENT/ADDED ENTRY--TITLE | |
| Title | Shelly Cashman Series |
| 700 ## - ADDED ENTRY--PERSONAL NAME | |
| Personal name | Vermaat, Misty |
| 760 ## - MAIN SERIES ENTRY | |
| Edition | Vermaat, Misty |
| 942 ## - ADDED ENTRY ELEMENTS (KOHA) | |
| Source of classification or shelving scheme | Library of Congress Classification |
| Koha item type | General Collection |
| Withdrawn status | Lost status | Source of classification or shelving scheme | Not for loan | Home library | Current library | Date acquired | Cost, normal purchase price | Inventory number | Total Checkouts | Full call number | Barcode | Date last seen | Copy number | Price effective from | Koha item type |
|---|---|---|---|---|---|---|---|---|---|---|---|---|---|---|---|
| Library of Congress Classification | Kabarak, Main Campus | Kabarak, Main Campus | 23/08/2023 | 7454.00 | 0743/2022 | QA76.76 .S54 2011 C.1 | 032260 | 23/08/2023 | C.1 | 23/08/2023 | General Collection |